Мова та граматика українського орнаменту (Запис № 322790)

МАРК-запис
000 -Лідер
fixed length control field 00637nam a22002417a 4500
003 - Ідентифікатор контрольного номера
control field UA-OsUOA
001 - Контрольний номер
control field 36554
007 - Фіксоване поле фізичного опису
fixed length control field ta
008 - Елементи даних фіксованої довжини – загальна інформація
fixed length control field 20060202b un ||||| |||| 00| 0 ukr d
090 ## - Локальний шифр розміщення
Класифікаційний індекс УДК 7.048(477)
Авторський знак (НП) Г95
040 ## - Джерело каталогізації
Агенція оригінальної каталогізації UA-OsUOA
Мова каталогізації ukr
Агенція, яка здійснювала перезапис UA-OsUOA
Агенція, яка здійснювала модифікацію UA-OsUOA
041 ## - Код мови
Код мови тексту/ звукової доріжки чи окремого заголовка (П) ukr
080 ## - Індекс Універсальної десяткової класифікації
Індекс Універсальної десяткової класифікації (УДК) (НП) 7.048(477)
020 ## - Міжнародний стандартний книжковий номер (ISBN)
Міжнародний стандартний книжковий номер (ISBN) (НП) 966-7217-7-9
100 ## - Основне введення – ім’я особи
Ім’я особи (НП) Гурська А.
245 ## - Відомості про назву
Назва (НП) Мова та граматика українського орнаменту
260 ## - Публікація, розповсюдження і т.п. (Вихідні дані)
Місце публікації, розповсюдження і т.п. (П) К.
Дата публікації, розповсюдження і т.п. (П) 2003
300 ## - Фізичний опис
Обсяг 144 с.
650 #7 - Додаткове предметне введення – тематичний термін
Тематичний термін чи географічна назва, як елемент введення (НП) 7.0 Загальні питання мистецтва
Джерело заголовка чи терміна UDC
942 ## - Додаткові елементи входу (Коха)
Тип елемента Koha Книги
955 ## - Код типу видання за змістом
Код типу видання за змістом (НП) Навчальні видання
Фонди
Стан вилучень Стан втрат Джерело класифікації або схеми стелажів Стан уражень Не для кредиту Постійне місце розташування Поточне розміщення Дата придбання Джерело придбання Вартість, звичайна ціна покупки Інвентарний номер Усього замовленно Повний номер виклику Штрих-код Дата останнього перегляду Ціна ефективна від Тип елемента Koha Дата останньої перевірки
    Universal Decimal Classification     АБ - Абонемент НБ АБ - Абонемент НБ 02/02/2006 12/2006 13.32 94548 1 7.048(477) Г95 94548 16/12/2025 02/02/2006 Книги 25/07/2019
    Universal Decimal Classification     АБ - Абонемент НБ АБ - Абонемент НБ 02/02/2006 12/2006 13.32 94549   7.048(477) Г95 94549 29/12/2021 02/02/2006 Книги  
    Universal Decimal Classification     АБ - Абонемент НБ АБ - Абонемент НБ 02/02/2006 12/2006 13.32 94550   7.048(477) Г95 94550 29/12/2021 02/02/2006 Книги  
    Universal Decimal Classification     АБ - Абонемент НБ АБ - Абонемент НБ 02/02/2006 12/2006 13.32 94551   7.048(477) Г95 94551 29/12/2021 02/02/2006 Книги  
    Universal Decimal Classification     АБ - Абонемент НБ АБ - Абонемент НБ 02/02/2006 12/2006 13.32 94552   7.048(477) Г95 94552 29/12/2021 02/02/2006 Книги  
    Universal Decimal Classification     ЧЗ - Читальна зала ЧЗ - Читальна зала 02/02/2006 12/2006 13.32 94545   7.048(477) Г95 94545 08/02/2022 02/02/2006 Книги  
    Universal Decimal Classification     ЧЗ - Читальна зала ЧЗ - Читальна зала 02/02/2006 12/2006 13.32 94546   7.048(477) Г95 94546 08/02/2022 02/02/2006 Книги  
    Universal Decimal Classification     ЧЗ - Читальна зала ЧЗ - Читальна зала 02/02/2006 12/2006 13.32 94547   7.048(477) Г95 94547 08/02/2022 02/02/2006 Книги